00269 a2200121 4500001000700000020000600007040001100013100000600024240004500030245004000075362000900115440002300124164250 a  cMagnum a-10aOs tres porquinhos/ao livro tecnicolpor10aOs tres porquinhos/ao livro tecnico0 a1899 1aAo Livro Técnico